American democracy in theory and practice: national, state, and local government
Saved in:
| Main Authors: | , , , |
|---|---|
| Format: | Book |
| Language: | English |
| Published: |
Nueva York
Holt, Rinehart and Winston
1959
|
| Edition: | 3a. ed |
| Subjects: | |
| Tags: |
Add Tag
No Tags, Be the first to tag this record!
|
MARC
| LEADER | 00000nam a2200000 a 4500 | ||
|---|---|---|---|
| 001 | UCT7130 | ||
| 003 | CL-VaPUC | ||
| 008 | 970116e19590000US |||||||||||||||||eng|d | ||
| 082 | 0 | 4 | |a 321.804 |b CAR |2 21 |
| 100 | 0 | |a Carr, Robert K |e author |9 377844 | |
| 700 | 0 | |a Bernstein, Marver H |e author |9 377845 | |
| 700 | |a Morrison, Donald H. |e author |9 382712 | ||
| 700 | 0 | |a McLean, Joseph E |e author |9 377847 | |
| 245 | 1 | 0 | |a American democracy in theory and practice: national, state, and local government |
| 250 | |a 3a. ed | ||
| 300 | |a 1024 p | ||
| 942 | |c BK | ||
| 945 | |d 19970116 00:00:00 |a paguirre | ||
| 260 | |a Nueva York |b Holt, Rinehart and Winston |c 1959 | ||
| 650 | 0 | |a Gobierno |9 255508 | |
| 650 | 7 | |a SISTEMAS POLITICOS |2 CL-VaPUC |9 377848 | |
| 650 | 0 | |a Democracia |9 255256 | |
| 650 | 0 | |a Constituciones |9 255417 | |
| 650 | 0 | |a Federalismo |9 313886 | |
| 650 | 0 | |a Libertad |9 255686 | |
| 650 | 0 | |a Autoridad |9 257105 | |
| 650 | 0 | |a Votación |9 376129 | |
| 650 | 0 | |a Representación política |9 362081 | |
| 650 | 0 | |a Partidos políticos |9 254999 | |
| 650 | 7 | |a PRESIDENCIA |2 CL-VaPUC |9 341215 | |
| 650 | 0 | |a Poder ejecutivo |9 255177 | |
| 650 | 0 | |a Poder político |9 255509 | |
| 650 | 0 | |a Gobierno local |9 258648 | |
| 650 | 0 | |a Poder judicial |9 254871 | |
| 651 | 0 | |a Estados Unidos |9 255178 | |
| 583 | |a last modification |c 19970116 00:00:00 |k Rodrigo Vera | ||
| 999 | |c 255790 |d 255788 | ||
| 952 | |0 0 |1 0 |4 0 |6 321_804000000000000_CAR_1959 |7 0 |8 P |9 278211 |a BIBDER |b BIBDER |d 2019-11-19 |i 1806556 |o 321.804 CAR 1959 |p 1806556 |r 2023-01-25 |w 2019-11-19 |y BK |k DER | ||
| 952 | |0 0 |1 0 |4 0 |6 321_804000000000000_CAR_1959 |7 0 |8 P |9 278212 |a BIBDER |b BIBDER |d 2019-11-19 |i 1809105 |o 321.804 CAR 1959 |p 1809105 |r 2023-01-25 |w 2019-11-19 |y BK |k DER | ||